U.S. States by Metro Majority - Statistics

General Stats
  • This quiz has been taken 38 times
  • The average score is 14 of 16
Answer Stats
State % Correct
New York
100%
Massachusetts
94%
Arizona
92%
Georgia
92%
Rhode Island
92%
Alaska
86%
Hawaii
86%
Illinois
86%
Maine
86%
Nevada
86%
Washington
83%
Minnesota
81%
Nebraska
81%
Oregon
81%
New Hampshire
78%
Montana
64%
No matching quizzes found
Score Distribution
Percent of People with Each Score
Percentile by Number Answered
Your Score History
You have not taken this quiz